| 000 | 00581nam a2200217Ia 4500 | ||
|---|---|---|---|
| 003 | OSt | ||
| 005 | 20230415085242.0 | ||
| 008 | 210423s2008 xx 000 0 und d | ||
| 020 | _a9788126517473 | ||
| 040 | _cAL | ||
| 041 | _aeng | ||
| 082 |
_a425 _223 _bCOOV |
||
| 100 |
_aCOOK (V J);NEWSON (Mark). _988570 |
||
| 245 | _aChomskys universal grammar: introduction. | ||
| 250 | _a3 | ||
| 260 |
_aNew Delhi _bCambridge University Press _c2008 |
||
| 300 |
_avii,326 _bPB |
||
| 365 |
_b695 _cINR |
||
| 906 | _aChomskys ; grammar: ; introduction. ; universal | ||
| 942 |
_2ddc _cBK |
||
| 999 |
_c157483 _d157483 |
||